000 00510nam a2200205Ia 4500
003 GCL
008 140319s9999 xx 000 0 eng d
040 _aGCL /
_cGCL
082 0 4 _a435
_bSP
100 1 _aTHIELE, PAUL
245 1 0 _aLA PRATIQUE COURANTE DE L'ALLEMAND /
_cTHIELE, PAUL
700 1 _aSTRAUB, BERNARD
260 _a[S.N] :
_bLE LIVRE DE POCHE ،
_c1992
300 _a254
650 0 4 _aGERMAN LANGUAGE
650 0 4 _aGRAMMAR
650 0 4 _aLINGUISTICS
650 0 4 _aGERMAN
942 _2ddc
_cBK
999 _c25365
_d25365